000 00440 a2200133 4500
005 20250614074030.0
020 _a0-07-226277-X
082 _aLECT 658.87 McG
100 _aMcGRATH, S.
245 _aHow to Start and Run an eBay Consignment Business : Make Real Money Selling Other People's Stuff.
260 _aNew York,
_bMcGraw-Hill,
_c2006.
300 _axvi, 303p.: ill.; figure, picture, table
_bGlossary & Index
_c23cm.
942 _2ddc
_cBKS
999 _c4036
_d4036